Pokémon - Les attaques de Tarpaud - Statistiques

Statistiques générales
  • Ce quiz a été pris 13 fois
  • Le résultat moyen est 10 sur 15
Statistiques - réponses
Niveaux Types Noms des coups % Correct
Départ Eau Pistolet à O
100%
Départ Normal Écras'Face
89%
Départ Psy Hypnose
89%
Départ Eau Bulles d'O
78%
Départ Eau Hydrocanon
78%
Évolution Vol Rebond
78%
Départ Normal Damoclès
67%
Départ Eau Danse Pluie
67%
Départ Sol Tir de Boue
67%
Départ Normal Requiem
56%
Départ Sol Telluriforce
56%
Départ Normal Cognobidon
44%
Départ Normal Mégaphone
44%
Départ Normal Vantardise
44%
Départ Normal Plaquage
22%
Aucun quiz correspondant
Distribution des résultats
% des personnes avec chaque résultat
Percentile par nombre de réponses
Votre historique - résultats
Vous n’avez pas pris ce quiz